Taylor Swift 24 - Statistics

General Stats
  • This quiz has been taken 18 times
    13 since last reset
  • The average score is 183 of 230
Answer Stats
Answer % Correct
a
100%
but
100%
can
100%
down
100%
I
100%
I'm
100%
in
100%
it
100%
it's
100%
know
100%
like
100%
me
100%
of
100%
that
100%
the
100%
time
100%
to
100%
would
100%
you
100%
your
100%
all
89%
and
89%
be
89%
been
89%
don't
89%
got
89%
just
89%
my
89%
now
89%
out
89%
over
89%
better
78%
long
78%
oh
78%
so
78%
some
78%
wasn't
78%
went
78%
with
78%
doing
67%
looks
67%
name
67%
new
67%
still
67%
yes
67%
bone
56%
closure
56%
feel
56%
friends
56%
letter
56%
life
56%
need
56%
needs
56%
pain
56%
right
56%
seeing
56%
shape
56%
spells
56%
tears
56%
treat
56%
way
56%
ya
56%
across
44%
between
44%
candles
44%
cut
44%
deep
44%
fake
44%
guilty
44%
handled
44%
iron
44%
nice
44%
put
44%
reaching
44%
sea
44%
situation
44%
smoothing
44%
staying
44%
unnecessary
44%
wrinkle
44%
beers
33%
fine
33%
spite
33%
No matching quizzes found
Score Distribution
Percent of People with Each Score
Percentile by Number Answered
Your Score History
You have not taken this quiz since the last reset